| 000 | 00426cam a2200181ua 4500 | ||
|---|---|---|---|
| 020 | _c1.75 | ||
| 041 |
_ahin _h |
||
| 082 |
_a891.54 _bMAN/JA |
||
| 100 | _aManmadanath, Gupt . | ||
| 245 |
_aJaya yathra / _cManmadanath Gupt. _hTextual Documents |
||
| 250 |
_a2 / _b. |
||
| 260 |
_aVaranasi : _bJayaprakashan , _c1961. |
||
| 300 | _a102 ; . | ||
| 365 | _a1.75 | ||
| 504 | _a | ||
| 942 | _cBK | ||
| 999 |
_c12505 _d12505 |
||